| 000 | 00653nam a22002057a 4500 | ||
|---|---|---|---|
| 003 | UA-OsUOA | ||
| 001 | 86111 | ||
| 007 | ta | ||
| 008 | 20120827b un ||||| |||| 00| 0 ukr d | ||
| 090 |
_a347.13(477) _bН15 |
||
| 942 | _cBK | ||
| 040 |
_aUA-OsUOA _bukr _cUA-OsUOA _dUA-OsUOA |
||
| 245 |
_aНавчально-методичний посібник з курсу "Податкове право України" _cУкладач Федорчук О.М. |
||
| 300 | _a215 с. | ||
| 955 | _a2 | ||
| 041 | _aukr | ||
| 080 | _a347.13(477) | ||
| 260 |
_aОстрог _c1999 |
||
| 650 | 7 |
_a347 Цивільне право. Судовий устрій _2UDC |
|
| 999 |
_c372410 _d372410 |
||